| 000 | 00635nam a2200241 a 4500 | ||
|---|---|---|---|
| 999 |
_c4134 _d4134 |
||
| 001 | 4133 | ||
| 003 | BD-JhCC | ||
| 005 | 20171123175102.0 | ||
| 008 | 171123s19311953enka|||| ||a| 001 0 eng d | ||
| 020 | _a416312306 | ||
| 035 | _a(BD-JhCC)4133 | ||
| 040 |
_aBD-JhCC _dBD-JhCC |
||
| 041 | _aeng | ||
| 082 |
_a551.6 _bMIL 1931 |
||
| 100 | _aMILLER, A. AUSTIN | ||
| 245 |
_aCLIMATOLOGY / _cA. AUSTIN MILLER |
||
| 260 |
_aLondon : _bMethuen & Co Ltd, _c1931. |
||
| 300 |
_a320 p. : _c21 cm. _billu; |
||
| 650 | _aClimatology | ||
| 700 |
_a Gunning, Thomas G. _qThomas G. Gunning; Jo M Stanchfield |
||
| 942 |
_2ddc _cBK |
||